000
00258nam a2200085Ia 4500
008
160329s9999 xx 000 0 und d
245
_a
Robert C. Maynard Institute for Journalism Education
650
_a
Mass Communication.
856
_u
http://www.maynardije.org/
999
_c
292911
_d
292911